| 000 | 00812nam a22002057a 4500 | ||
|---|---|---|---|
| 999 |
_c370718 _d370718 |
||
| 008 | 201130b ||||| |||| 00| 0 eng d | ||
| 040 |
_bger _cDE-2950 _erda _aDE-2950 |
||
| 041 | _ager | ||
| 100 | _aAdam, Steffen: | ||
| 245 |
_aFast 100 Radler bei der Oderbruch-Rundfahrt. _bTour de MOZ 2021: Die zweite Etappe der beliebten Veranstaltung zog auch viele Neulinge an. Start und Zeil war das Fort Gorgast / _cSteffen Adam |
||
| 264 | _c2021 | ||
| 653 | _aFrankfurt (Oder) | ||
| 653 | _aRadsport | ||
| 655 | _yVeranstaltungsreihe / Märkische Oderzeitung | ||
| 773 |
_dFrankfurt (Oder): Märkisches Verlags- und Druckhaus GmbH & Co KG _g32. Jahrgang (2021) Nr. 184 vom 10.08.2021, S. 18: Foto _tMärkische Oderzeitung |
||
| 942 | _cA | ||